Vyjmenovaná slova - Statistics

General Stats
  • This quiz has been taken 856 times
  • The average score is 51 of 82
Answer Stats
Vyjmenovaná slova po B % Correct
Být
98%
Byt
98%
My
93%
Fyzika
90%
Vy
87%
Dobytek
86%
Nábytek
86%
Obyvatel
86%
Býk
85%
Bylina
85%
Mýt
85%
Bydlit
83%
Myš
83%
Příbytek
83%
Kobyla
82%
Bystrý
81%
Ruzyně
81%
Obyčej
80%
Jazyk
78%
Přibyslav
78%
Pytel
73%
Sýr
73%
Brzy
72%
Lyko
72%
Myslit
69%
Nazývat se
69%
Pýcha
69%
Pyl
68%
Pysk
68%
Výt
66%
Mlýn
64%
Mýlit se
64%
Pelyněk
64%
Syn
64%
Plyš
63%
Netopýr
62%
Sýrový
62%
Sytý
62%
Lyže
61%
Polykat
61%
Slyšet
61%
Sychravý
61%
Lysý
60%
Pýr
60%
Výr
60%
Slepýš
59%
Sýček
59%
Sysel
59%
Blýskat se
57%
Plynout
57%
Vysoký
57%
Litomyšl
56%
Sypat
56%
Hlemýžď
55%
Plýtvat
55%
Lýtko
54%
Pýřit se
53%
Vzlykat
53%
Smýkat
52%
Usychat
52%
Čepýřit se
51%
Dmýchat
51%
Syčet
51%
Sýkora
51%
Hmyz
48%
Kopyto
48%
Zamykat
48%
Klopýtat
47%
Třpytit se
46%
Zvykat
46%
Žvýkat
46%
Pykat
45%
Výskat
45%
Mýtit
42%
Nachomýtnout se
41%
Zpytovat
41%
Vyžle
40%
Chmýří
39%
Vydra
39%
Slova s předponou vy- vý-
34%
Povyk
32%
Výheň
32%
No matching quizzes found
Score Distribution
Percent of People with Each Score
Percentile by Number Answered
Your Score History
You have not taken this quiz